El problema de la culpa : (Record no. 111743)

MARC details
000 -LEADER
campo de control de longitud fija 01869cam a2200517Ia 4500
001 - NÚMERO DE CONTROL
campo de control 88092
005 - FECHA Y HORA DE LA ÚLTIMA TRANSACCIÓN
campo de control 20230411090046.0
008 - DATOS DE LONGITUD FIJA--INFORMACIÓN GENERAL
campo de control de longitud fija 981102s1998 sp b 000 0 spa d
035 ## - NÚMERO DE CONTROL DEL SISTEMA
Número de control de sistema (OCoLC)ocm40249178
040 ## - FUENTE DE CATALOGACIÓN
Centro catalogador/agencia de origen PL#
Lengua de catalogación spa
Centro/agencia transcriptor PL#
Centro/agencia modificador PIF
-- EL$
-- OCL
-- BAKER
-- SZ9XM
-- YDXCP
-- BNM
020 ## - NÚMERO INTERNACIONAL ESTÁNDAR DEL LIBRO
Número Internacional Estándar del Libro 8449305616
020 ## - NÚMERO INTERNACIONAL ESTÁNDAR DEL LIBRO
Número Internacional Estándar del Libro 9788449305610
029 0# - OTRO NÚMERO DE CONTROL DE SISTEMA (OCLC)
Identificador de la biblioteca OCLC PL#
Número de control de sistema 8449305616
035 ## - NÚMERO DE CONTROL DEL SISTEMA
Número de control de sistema (OCoLC)40249178
041 1# - CÓDIGO DE IDIOMA
Código de lengua del texto/banda sonora o título independiente spa
Código de lengua original ger
043 ## - CÓDIGO DE ÁREA GEOGRÁFICA
Código de área geográfica e-gx---
090 ## - LOCALMENTE ASIGNADO TIPO-LC NÚMERO DE CLASIFICACIÓN (OCLC); NÚMERO DE CLASIFICACIÓN LOCAL (RLIN)
Número de clasificación (OCLC) (R) ; Numero de clasificación, CALL (RLIN) (NR) D829.G3
Número cutter local (OCLC) ; Número de libro/Signatura topográfica íntegra, CALL (RLIN) J37618 1998
049 ## - FONDOS LOCALES (OCLC)
Biblioteca depositaria GRAL
100 1# - ENTRADA PRINCIPAL--NOMBRE DE PERSONA
Nombre de persona Jaspers, Karl.
245 13 - MENCIÓN DEL TÍTULO
Título El problema de la culpa :
Resto del título sobre la responsabilidad política de Alemania /
Mención de responsabilidad, etc. Karl Jaspers ; introducciâon de Ernesto Garzón.
250 ## - MENCION DE EDICION
Mención de edición 1a ed.
260 ## - PUBLICACIÓN, DISTRIBUCIÓN, ETC.
Lugar de publicación, distribución, etc. Barcelona ;
-- Buenos Aires ;
-- México :
Nombre del editor, distribuidor, etc. Paidós :
-- I.C.E. de la Universidad Autónoma de Barcelona,
Fecha de publicación, distribución, etc. 1998.
300 ## - DESCRIPCIÓN FÍSICA
Extensión 133 p. ;
Dimensiones 20 cm.
440 #0 - MENCIÓN DE SERIE/PUNTO DE ACCESO ADICIONAL--TÍTULO
Título Pensamiento Contemporáneo ;
Designación de volumen o secuencia 52
500 ## - NOTA GENERAL
Nota general Translation of: Die schuldfrage, 1965, c1946.
504 ## - NOTA DE BIBLIOGRAFÍA, ETC.
Nota de bibliografía, etc. Includes bibliographical references.
650 #0 - PUNTO DE ACCESO ADICIONAL DE MATERIA--TÉRMINO DE MATERIA
Término de materia o nombre geográfico como elemento de entrada Reconstruction (1939-1951)
Subdivisión geográfica Germany.
650 #0 - PUNTO DE ACCESO ADICIONAL DE MATERIA--TÉRMINO DE MATERIA
Término de materia o nombre geográfico como elemento de entrada Guilt.
651 #0 - PUNTO DE ACCESO ADICIONAL DE MATERIA--NOMBRE GEOGRÁFICO
Nombre geográfico Germany
Subdivisión general History
Subdivisión cronológica 1933-1945.
650 #0 - PUNTO DE ACCESO ADICIONAL DE MATERIA--TÉRMINO DE MATERIA
Término de materia o nombre geográfico como elemento de entrada World War, 1939-1945
Subdivisión geográfica Germany.
650 #0 - PUNTO DE ACCESO ADICIONAL DE MATERIA--TÉRMINO DE MATERIA
Término de materia o nombre geográfico como elemento de entrada World War, 1939-1945
Subdivisión general Causes.
653 ## - TÉRMINO DE INDIZACIÓN--NO CONTROLADO
Término no controlado Europa
-- Historia
-- Siglo XX.
653 ## - TÉRMINO DE INDIZACIÓN--NO CONTROLADO
Término no controlado Alemania
-- Historia
-- Siglo XX.
653 ## - TÉRMINO DE INDIZACIÓN--NO CONTROLADO
Término no controlado Política.
650 #4 - PUNTO DE ACCESO ADICIONAL DE MATERIA--TÉRMINO DE MATERIA
Término de materia o nombre geográfico como elemento de entrada Culpa moral
650 #7 - PUNTO DE ACCESO ADICIONAL DE MATERIA--TÉRMINO DE MATERIA
Término de materia o nombre geográfico como elemento de entrada Nationalsozialistisches Verbrechen
Subdivisión general Kollektivschuld.
Fuente del encabezamiento o término swd
650 #7 - PUNTO DE ACCESO ADICIONAL DE MATERIA--TÉRMINO DE MATERIA
Término de materia o nombre geográfico como elemento de entrada Kollektivschuld
Subdivisión general Nationalsozialistisches Verbrechen.
Fuente del encabezamiento o término swd
650 #7 - PUNTO DE ACCESO ADICIONAL DE MATERIA--TÉRMINO DE MATERIA
Término de materia o nombre geográfico como elemento de entrada âEtica polâitica
Subdivisión geográfica Alemania.
Fuente del encabezamiento o término embne
700 1# - ENTRADA AGREGADA--NOMBRE PERSONAL
Nombre de persona Garzâon Valdés, Ernesto.
938 ## -
-- Puvill Libros
-- PUVL
-- 8449305616
-- $11.39
938 ## -
-- YBP Library Services
-- YANK
-- 2659590
938 ## -
-- Baker & Taylor
-- BKTY
-- 20.95
-- 20.95
-- 8449305616
-- 0006607710
-- active
942 ## - ELEMENTOS DE ENTRADA SECUNDARIOS (KOHA)
Fuente del sistema de clasificación o colocación Clasificación de Library of Congress
Tipo de ítem Koha
994 ## -
-- C0
-- DRFGD
946 ## - PROCESAMIENTO DE INFORMACIÓN LOCAL (OCLC)
a
Holdings
Estatus retirado Estado de pérdida Fuente del sistema de clasificación o colocación Estado de daño No para préstamo Colección Biblioteca de origen Biblioteca actual Ubicación en estantería Fecha de adquisición Código de barras Visto por última vez Copia número Tipo de ítem Koha
    Clasificación de Library of Congress     Automatización y Procesos Técnicos Biblioteca Juan Bosch Biblioteca Juan Bosch Automatización y Procesos Técnicos (1er. Piso) 11/04/2023 00000082058 17/02/2019 1